00240nam a2200097Ia 4500008004100000100001800041245002500059260004200084300000800126650000800134191201s2012 xx 000 0 und d aTRUETT,Lila J 0aManagerial Economics aN. DelhibWiley Dreamtech Indiac2012 a742 aMBA